000 01025nam a2200265 a 4500
001 41917
003 BD-RjUL
005 20211209053453.0
008 190220s1949 enk 001 0 eng
035 _a(BD-RjUL)42035
040 _aDLC
_cODaWU
_dOCoLC
_dDLC
_dBD-RjUL
_beng
041 _aeng
082 _a306.850947
_bCHA 1949
245 1 0 _aChanging attitudes in Soviet Russia :
_bthe family in the U.S.S.R. : documents and readings /
_cEdited with an Introduction by Rudolf Schlesinger
260 _aLondon :
_bRoutledge & Kegan Paul,
_c1949
300 _aix, 408p. ;
_c23 cm.
490 1 _aInternational library of sociology and social reconstruction
504 _aIncludes index.
650 _aFamily
_zU.S.S.R.
_9228449
651 0 _aSoviet Union
_xSocial conditions.
_9128816
651 0 _aSoviet Union
_xPolitics and government
_y1917-1936.
_9125638
700 _a Schlesinger, Rudolf, ed. & Introducer
_9228450
830 0 _aInternational library of sociology and social reconstruction
_9228451
942 _2ddc
_cBK
999 _c41917
_d41917